[Event "AUT-ch U08"]
[Site "St Kanzian"]
[Date "2017.06.16"]
[Round "2.6"]
[White "Narankhuu, Munkh Erdene"]
[Black "Dichtl, Maximilian"]
[Result "1-0"]
[WhiteElo "893"]
[BlackElo "822"]
[PlyCount "77"]
[EventDate "2017.06.16"]
[EventType "swiss"]
[EventRounds "7"]
[EventCountry "AUT"]
[SourceTitle "EXT 2024"]
[Source "ChessBase"]
[SourceDate "2023.10.10"]
[SourceVersion "1"]
[SourceVersionDate "2023.10.10"]
[SourceQuality "1"]

1. e4 e5 2. Nf3 Nc6 3. Nc3 Nf6 4. Bc4 Bc5 5. 0-0 0-0 6. d3 d6 7. a3 Be6 8. Bxe6 fxe6 9. Be3 Bb6 10. h3 d5 11. Bxb6 axb6 12. Re1 Re8 13. g4 d4 14. Ne2 Qe7 15. Qd2 Qf7 16. b4 Nd7 17. b5 Ne7 18. a4 c6 19. bxc6 Nxc6 20. Ra2 Ra6 21. Rea1 Rea8 22. h4 b5 23. Ng5 Qf6 24. h5 h6 25. Qc1 hxg5 26. Kg2 Rf8 27. f3 Qxf3+ 28. Kh2 Qxe2+ 29. Kh1 Rf3 30. c3 Rg3 31. Rxe2 Nc5 32. Qc2 b4 33. Rf2 bxc3 34. Kh2 Rxg4 35. Rg2 Rf4 36. Rxg5 Rb6 37. Rb1 Nb4 38. Qe2 Rh4+ 39. Kg3 1-0